<?xml version="1.0" encoding="UTF-8"?>
<record
    xmlns:xsi="http://www.w3.org/2001/XMLSchema-instance"
    xsi:schemaLocation="http://www.loc.gov/MARC21/slim http://www.loc.gov/standards/marcxml/schema/MARC21slim.xsd"
    xmlns="http://www.loc.gov/MARC21/slim">

  <leader>01114dam0a2200289   4500</leader>
  <controlfield tag="001">RU\NLR\BIBL_A\022465783</controlfield>
  <controlfield tag="005">20250626004032.0</controlfield>
  <datafield tag="010" ind1=" " ind2=" ">
    <subfield code="9">4000</subfield>
  </datafield>
  <datafield tag="035" ind1=" " ind2=" ">
    <subfield code="a">(NLR Aleph) 022465783</subfield>
  </datafield>
  <datafield tag="090" ind1=" " ind2=" ">
    <subfield code="a">13366303</subfield>
    <subfield code="c">13366303</subfield>
  </datafield>
  <datafield tag="100" ind1=" " ind2=" ">
    <subfield code="a">20250221d1941    |||y0rusy50      ca</subfield>
  </datafield>
  <datafield tag="101" ind1="0" ind2=" ">
    <subfield code="a">uzb</subfield>
  </datafield>
  <datafield tag="102" ind1=" " ind2=" ">
    <subfield code="a">UZ</subfield>
  </datafield>
  <datafield tag="105" ind1=" " ind2=" ">
    <subfield code="a">&#x430;&#x441;  z   001 y</subfield>
  </datafield>
  <datafield tag="181" ind1=" " ind2="0">
    <subfield code="a">i </subfield>
    <subfield code="b">axxe  </subfield>
  </datafield>
  <datafield tag="182" ind1=" " ind2="0">
    <subfield code="a">n</subfield>
  </datafield>
  <datafield tag="200" ind1="1" ind2=" ">
    <subfield code="a">&#x410;&#x434;&#x430;&#x431;&#x438;&#x451;&#x442; &#x445;&#x440;&#x435;&#x441;&#x442;&#x43E;&#x43C;&#x430;&#x442;&#x438;&#x44F;&#x441;&#x438;</subfield>
    <subfield code="e">&#x411;&#x43E;&#x448;&#x43B;&#x430;&#x43D;&#x493;&#x438;&#x447; &#x43C;&#x430;&#x43A;&#x442;&#x430;&#x431;&#x43B;&#x430;&#x440;&#x43D;&#x438;&#x43D;&#x433; &#x443;&#x447;&#x438;&#x43D;&#x447;&#x438; &#x441;&#x438;&#x43D;&#x444;&#x438; &#x443;&#x447;&#x443;&#x43D;</subfield>
    <subfield code="f">&#x422;&#x443;&#x437;&#x443;&#x447;&#x438;&#x43B;&#x430;&#x440; &#x425;. &#x420;&#x430;&#x441;&#x443;&#x43B;&#x43E;&#x432;, &#x420;. &#x428;&#x430;&#x440;&#x43E;&#x43F;&#x43E;&#x432;</subfield>
    <subfield code="h">&#x411;&#x438;&#x440;&#x438;&#x43D;&#x447;&#x438; &#x49B;&#x438;&#x441;&#x43C;</subfield>
  </datafield>
  <datafield tag="203" ind1=" " ind2=" ">
    <subfield code="a">&#x422;&#x435;&#x43A;&#x441;&#x442;</subfield>
    <subfield code="b">&#x432;&#x438;&#x437;&#x443;&#x430;&#x43B;&#x44C;&#x43D;&#x44B;&#x439;</subfield>
    <subfield code="c">&#x43D;&#x435;&#x43F;&#x43E;&#x441;&#x440;&#x435;&#x434;&#x441;&#x442;&#x432;&#x435;&#x43D;&#x43D;&#x44B;&#x439;</subfield>
  </datafield>
  <datafield tag="210" ind1=" " ind2=" ">
    <subfield code="a">&#x422;&#x43E;&#x448;&#x43A;&#x435;&#x43D;&#x442;</subfield>
    <subfield code="c">&#x40E;&#x437;&#x421;&#x421;&#x420; &#x434;&#x430;&#x432;&#x43B;&#x430;&#x442; &#x43D;&#x430;&#x448;&#x440;&#x438;&#x451;&#x442;&#x438;</subfield>
    <subfield code="d">1941</subfield>
  </datafield>
  <datafield tag="215" ind1=" " ind2=" ">
    <subfield code="a">132 &#x441;</subfield>
    <subfield code="c">&#x438;&#x43B;., &#x43F;&#x43E;&#x440;&#x442;&#x440;.</subfield>
    <subfield code="d">23 &#x441;&#x43C;</subfield>
  </datafield>
  <datafield tag="541" ind1="1" ind2=" ">
    <subfield code="a">&#x425;&#x440;&#x435;&#x441;&#x442;&#x43E;&#x43C;&#x430;&#x442;&#x438;&#x44F; &#x43F;&#x43E; &#x43B;&#x438;&#x442;&#x435;&#x440;&#x430;&#x442;&#x443;&#x440;&#x435; &#x434;&#x43B;&#x44F; 3 &#x43A;&#x43B;&#x430;&#x441;&#x441;&#x430; &#x43D;&#x430;&#x447;&#x430;&#x43B;&#x44C;&#x43D;&#x43E;&#x439; &#x448;&#x43A;&#x43E;&#x43B;&#x44B;</subfield>
    <subfield code="z">rus</subfield>
  </datafield>
  <datafield tag="700" ind1=" " ind2="1">
    <subfield code="a">&#x420;&#x430;&#x441;&#x443;&#x43B;&#x43E;&#x432;</subfield>
    <subfield code="b">&#x425;.</subfield>
    <subfield code="4">220</subfield>
  </datafield>
  <datafield tag="702" ind1=" " ind2="1">
    <subfield code="a">&#x428;&#x430;&#x440;&#x430;&#x43F;&#x43E;&#x432;</subfield>
    <subfield code="b">&#x420;.</subfield>
    <subfield code="4">220</subfield>
  </datafield>
  <datafield tag="852" ind1=" " ind2=" ">
    <subfield code="a">NLR</subfield>
    <subfield code="b">&#x41E;&#x41D;&#x41B;</subfield>
    <subfield code="j">&#x423;&#x437;&#x431;&#x435;&#x43A;./2-1472</subfield>
  </datafield>
  <datafield tag="942" ind1=" " ind2=" ">
    <subfield code="c">BOOK</subfield>
  </datafield>
  <datafield tag="980" ind1=" " ind2=" ">
    <subfield code="a">NB</subfield>
  </datafield>
</record>
